Fundamental astronomy (Record no. 13996)

MARC details
000 -LEADER
fixed length control field 00739nam a2200241Ia 4500
003 - CONTROL NUMBER IDENTIFIER
control field IN-BaIIA
008 - FIXED-LENGTH DATA ELEMENTS--GENERAL INFORMATION
fixed length control field 211028s9999 xx 000 0 eng d
020 ## - INTERNATIONAL STANDARD BOOK NUMBER
International Standard Book Number 3-540-60936-9
040 ## - CATALOGING SOURCE
Transcribing agency IIA Library
080 ## - UNIVERSAL DECIMAL CLASSIFICATION NUMBER
Universal Decimal Classification number 52
Item number FUN
245 #0 - TITLE STATEMENT
Title Fundamental astronomy
Statement of responsibility, etc. edited by H. Karttunen…[ et al.]
250 ## - EDITION STATEMENT
Edition statement 3rd rev. ed.
260 ## - PUBLICATION, DISTRIBUTION, ETC.
Place of publication, distribution, etc. Berlin
Name of publisher, distributor, etc. Springer-Verlag
Date of publication, distribution, etc. 2000
300 ## - PHYSICAL DESCRIPTION
Extent xiii, 521p.
650 ## - SUBJECT ADDED ENTRY--TOPICAL TERM
Topical term or geographic name entry element Astronomy
9 (RLIN) 80
650 ## - SUBJECT ADDED ENTRY--TOPICAL TERM
Topical term or geographic name entry element Astronomy and astrophysics thesaurus
700 ## - ADDED ENTRY--PERSONAL NAME
Personal name Donner, K. J., ed.
9 (RLIN) 14450
700 ## - ADDED ENTRY--PERSONAL NAME
Personal name Karttunen, H., ed.
9 (RLIN) 24524
700 ## - ADDED ENTRY--PERSONAL NAME
Personal name Kroger, P., ed.
9 (RLIN) 15778
700 ## - ADDED ENTRY--PERSONAL NAME
Personal name Oja, H., ed.
9 (RLIN) 15779
700 ## - ADDED ENTRY--PERSONAL NAME
Personal name Poutanen, M., ed.
9 (RLIN) 15780
942 ## - ADDED ENTRY ELEMENTS (KOHA)
Koha item type Books
Holdings
Withdrawn status Lost status Damaged status Not for loan Home library Current library Shelving location Date acquired Total Checkouts Full call number Barcode Date last seen Price effective from Koha item type
        IIA Library-Bangalore IIA Library-Bangalore General Stacks     52/ FUN 14916 05/11/2021   Books

Powered by Koha